| 000 | 00775nam a2200229 a 4500 | ||
|---|---|---|---|
| 001 | 58759 | ||
| 003 | BD-RjUL | ||
| 005 | 20211209080644.0 | ||
| 008 | 161219s1956 nyuab b 000 0 eng | ||
| 035 | _a(BD-RjUL)58883 | ||
| 040 |
_aDLC _cODaWU _dOCoLC _dDLC _dBD-RjUL _beng |
||
| 041 | _aeng | ||
| 082 |
_a324.273 _223 _bRAD 1956 |
||
| 100 | 1 |
_aRanney, Austin. _9174659 |
|
| 245 | 1 | 0 |
_aDemocracy and the American party system / _cby Austin Ranney and Willmoore Kendall. Under the general editorship of Earl Latham. |
| 260 |
_aNew York : _bHarcourt, _c1956 |
||
| 300 |
_axiv, 550 p. : _bill. ; _c24 cm. |
||
| 500 | _aIncludes Index | ||
| 650 | 0 |
_aPolitical parties _zUnited States. _9173089 |
|
| 700 | 1 |
_aKendall, Willmoore, _d1909-1967, _ejoint author. _9174660 |
|
| 942 |
_2ddc _cBK |
||
| 999 |
_c58759 _d58759 |
||